Học nhanh Borland Pascal 7.0; T1

Na minha lista:
Detalhes bibliográficos
Autor principal: Lê Trọng Lục
Formato: Livro
Idioma:Undetermined
Publicado em: H. Thống Kê 2002
Assuntos:
Tags: Adicionar Tag
Sem tags, seja o primeiro a adicionar uma tag!
Thư viện lưu trữ: Trung tâm Học liệu Trường Đại học Cần Thơ
LEADER 00499nam a2200181Ia 4500
001 CTU_53574
008 210402s9999 xx 000 0 und d
020 |b 42000 
082 |a 005.133 
082 |b L506/T1 
100 |a Lê Trọng Lục 
245 0 |a Học nhanh Borland Pascal 7.0; T1 
245 0 |c Lê Trọng Lục 
260 |a H. 
260 |b Thống Kê 
260 |c 2002 
650 |a pascal ( computer program language ) 
980 |a Trung tâm Học liệu Trường Đại học Cần Thơ